| Tag |
First Indicator |
Second Indicator |
Subfields |
| LEADER |
00000pam a2200000 a 4500 |
| 001 |
in00000652421 |
| 005 |
20151015070212.0 |
| 008 |
790516s1980 nyua b 00010 engm |
| 010 |
|
|
|a 79015098
|
| 020 |
|
|
|a 0471022071
|
| 035 |
|
|
|a (OCoLC)05029591
|
| 035 |
|
|
|9 ACW6276AM
|
| 040 |
|
|
|a DLC
|c DLC
|d m.c.
|d TXA
|d UtOrBLW
|
| 049 |
|
|
|a TXAM
|c [1243940]
|
| 050 |
0 |
0 |
|a QC161.5
|b .K43 1980
|
| 082 |
0 |
|
|a 621.43/021/2
|2 19
|
| 100 |
1 |
|
|a Keenan, Joseph Henry,
|d 1900-
|
| 245 |
1 |
0 |
|a Gas tables :
|b thermodynamic properties of air products of combustion and component gases, compressible flow functions, including those of Ascher H. Shapiro and Gilbert M. Edelman /
|c by Joseph H. Keenan, Jing Chao, and Joseph Kaye.
|
| 250 |
|
|
|a 2nd ed.
|
| 264 |
|
1 |
|a New York :
|b Wiley,
|c [1980]
|
| 264 |
|
4 |
|c ©1980
|
| 300 |
|
|
|a xiv, 217 pages :
|b illustrations ;
|c 26 cm.
|
| 336 |
|
|
|a text
|b txt
|2 rdacontent
|
| 337 |
|
|
|a unmediated
|b n
|2 rdamedia
|
| 338 |
|
|
|a volume
|b nc
|2 rdacarrier
|
| 500 |
|
|
|a "A Wiley-Interscience publication."
|
| 504 |
|
|
|a Includes bibliographical references.
|
| 650 |
|
0 |
|a Air
|x Tables.
|
| 650 |
|
0 |
|a Thermodynamics
|v Tables.
|
| 700 |
1 |
|
|a Chao, Jing.
|
| 700 |
1 |
|
|a Kaye, Joseph,
|d 1912-
|
| 999 |
|
|
|a MARS
|
| 999 |
f |
f |
|s c35472a7-0422-339d-9a4b-8f45669f0b60
|i e3697953-e4a8-3691-9fc9-16e6e7a6db12
|t 0
|
| 952 |
f |
f |
|p ric
|a Texas A&M University
|b Rellis Campus
|c Joint Library Facility
|d Remote Storage
|t 0
|e QC161.5 .K43 1980
|h Library of Congress classification
|i unmediated -- volume
|m A14815563272
|
| 998 |
f |
f |
|a QC161.5 .K43 1980
|t 0
|l Remote Storage
|